| 000 | 00615nam a2200241Ia 4500 | ||
|---|---|---|---|
| 003 | OSt | ||
| 005 | 20221005050149.0 | ||
| 006 | a|||||r|||| 00| 0 | ||
| 007 | ta | ||
| 008 | 221004b |||||||| |||| 00| 0 ben d | ||
| 020 | _a8175220961 | ||
| 024 | _a24769 | ||
| 037 |
_bGift, 25/02/2016, _cTextual |
||
| 040 |
_aCRL _cCRL _bben |
||
| 041 |
_2ben _aben |
||
| 082 | _aR5, 157P0 | ||
| 245 | 0 | _aSaudra darshan | |
| 260 |
_aKolkatta _bViswabharti India _c2000 |
||
| 300 |
_a55p. _ccm. |
||
| 650 | _aPHILOSOPHY | ||
| 942 |
_hR5, 157P0 _cTEXL _2cc |
||
| 999 |
_c956445 _d956445 |
||